| 000 | 01067nam0a22002531 4500 | ||
|---|---|---|---|
| 001 | rc\700551 | ||
| 005 | 20260407143336.0 | ||
| 035 | _a(NLR Aleph) 005936433 | ||
| 090 |
_a6632702 _c6632702 |
||
| 100 | _a20031121d1985 |||y0rusy50 ca | ||
| 101 | 0 | _arus | |
| 102 | _aRU | ||
| 105 | _ay ||||||||| | ||
| 200 | 1 |
_aСовместная деятельность коллективов ПТУ и предприятия по экономическому воспитанию и образованию учащихся _eМетод. рекомендации _fАПН СССР, НИИ проф. техн. педагогики _g[К.И. Долотказин] |
|
| 210 |
_aМ. _cАПН СССР _d1985 |
||
| 215 |
_a52 с. _d20 |
||
| 320 | _aБиблиогр.: с. 41 | ||
| 702 | 1 |
_aДолотказин _bК.И. _gКарим Ибрагимович _4220 |
|
| 712 | 0 | 2 |
_aНИИ проф.-техн. педагогики _cКазань _3RU\NLR\AUTH\8810015040 _9527947 |
| 801 | 0 |
_aRU _bNLR _gpsbo |
|
| 801 | 1 |
_aRU _bELAR _2rusmarc |
|
| 852 |
_aNLR _j85-4/30620 |
||
| 942 | _cBOOK | ||
| 980 | _aNB | ||